[Event " Zonal 2.5 Asuncion"]
[Site "Asuncion"]
[Date "2011.05.22"]
[Round "7"]
[White "Mayorga, Nicolas"]
[Black "Felgaer, Ruben"]
[Result "1/2-1/2"]
[WhiteElo "2293"]
[BlackElo "2570"]
[PlyCount "75"]
[EventDate "2011.05.16"]
[EventType "swiss"]
[EventRounds "9"]
[EventCountry "PAR"]

1. d4 d5 2. c4 Bf5 3. cxd5 Bxb1 4. Qa4+ c6 5. Rxb1 Qxd5 6. Nf3 Nd7 7. e3 e6 8.
a3 Ngf6 9. Qc2 Bd6 10. Bd3 e5 11. Bc4 Qa5+ 12. Bd2 Qc7 13. dxe5 Nxe5 14. Nxe5
Bxe5 15. h3 O-O 16. O-O Rfe8 17. Rfd1 b5 18. Be2 Rac8 19. Rbc1 a6 20. Bb4 a5
21. Bc5 Ne4 22. Bg4 Rcd8 23. Rxd8 Qxd8 24. Rd1 Qh4 25. Bd4 c5 26. Bxe5 Rxe5 27.
Bf3 g6 28. Bxe4 Qxe4 29. Rd8+ Kg7 30. Qd2 Rg5 31. g3 Rf5 32. Qc3+ Kh6 33. f4
Qf3 34. Qe1 Rd5 35. Rxd5 Qxd5 36. Qxa5 Qd1+ 37. Kf2 Qc2+ 38. Kf3 1/2-1/2